000 00672nam a2200181 i 4500
001 59282
003 ES-MaACL
005 20230906164013.0
007 t|
008 031028s1954 sp ||||1| spa d
245 0 0 _aEnciclopedia matrimonial
_b: moral, sexual y dificultades contemporáneas /
_cJoseph Folliet ... [et al.] ; [versión española de Fred Pujulá y J.M. Balil Giró].
260 _aBarcelona :
_bEdiciones y Publicaciones :
_bDux,
_c[1954] (
_fDuplex)
300 _a845 p., 23 lám. ;
_c22 cm.
700 1 _aFolliet, Joseph.
_951473
700 1 _aPujulá, Fred.
_994361
700 1 _aBalil Giró, José María.
_924940
852 _aES-MaACL
_jC-9561
_bR.37466
999 _c59282
_d59282